000 00548nam a2200181 i 4500
001 34331
003 ES-MaACL
005 20230906154920.0
007 t|
008 030204q1947 sp ||||1| spa d
080 _a070(460.224)(091)
100 1 _aBlasco Ijazo, José.
_929392
245 1 0 _aHistoria de la prensa zaragozana
_b: (1683-1947) /
_cJosé Blasco Ijazo.
260 _aZaragoza :
_bEl Noticiero,
_c1947.
300 _a207 p. :
_bil. ;
_c21 cm.
650 4 _aPrensa-
_zZaragoza-
_vHistoria.
_9163002
852 _aES-MaACL
_jC-5518
_bR.25872
999 _c34331
_d34331